|
|
|
|
| LEADER |
00000nam0a2200000 4500 |
| 001 |
36215 |
| 005 |
20231101210345.0 |
| 035 |
|
|
|a (RuTPU)RU\TPU\book\36685
|
| 035 |
|
|
|a BOOK00003337
|
| 090 |
|
|
|a 36215
|
| 100 |
|
|
|a 20011210d1972 m y0rusy50 ca
|
| 101 |
0 |
|
|a rus
|
| 102 |
|
|
|a RU
|
| 105 |
|
|
|a a j 000zy
|
| 200 |
1 |
|
|a Практикум по физической и коллоидной химии
|e учебное пособие
|f С. А. Балезин
|
| 205 |
|
|
|a 4-е изд., доп.
|
| 210 |
|
|
|a Москва
|c Просвещение
|d 1972
|
| 215 |
|
|
|a 278 с.
|c ил.
|
| 606 |
|
|
|a Физическая химия
|2 stltpush
|3 (RuTPU)RU\TPU\subj\67669
|9 83390
|
| 606 |
|
|
|a Коллоидная химия
|2 stltpush
|3 (RuTPU)RU\TPU\subj\68635
|9 83831
|
| 610 |
1 |
|
|a практические работы
|
| 610 |
1 |
|
|a учебные пособия
|
| 675 |
|
|
|a 544(076.5)
|v 3
|
| 675 |
|
|
|a 544.7(076.5)
|v 3
|
| 700 |
|
1 |
|a Балезин
|b С. А.
|g Степан Афанасьевич
|
| 801 |
|
0 |
|a RU
|b 63413507
|c 20011210
|g PSBO
|
| 801 |
|
2 |
|a RU
|b 63413507
|c 20140505
|g PSBO
|
| 900 |
|
|
|a Коллоидная химия
|
| 942 |
|
|
|c BK
|